000 00623nam a2200181Ia 4500
008 090630s9999 xx 000 0 und d
082 _b18473
100 _aकुळकर्णी नलिनी.
245 _aपाषाण भगत.
_cकुळकर्णी नलिनी.
260 _bशब्दरंजन - पुणे.
_c1994
300 _a36
600 _aकुळकर्णी नलिनी.
630 _aपाषाण भगत.
655 _aबालवाङमय.
700 _aकुळकर्णी नलिनी.
730 _aपाषाण भगत.
942 _cBOOK
999 _c270329
_d270329